[Event "Roncana op-C 9th"]
[Site "Santa Eulalia de Roncana"]
[Date "2015.10.24"]
[Round "3"]
[White "Salvany Alonso, Artur"]
[Black "Alfonso Martin, Ariadna"]
[Result "1-0"]
[WhiteElo "1730"]
[BlackElo "1664"]
[PlyCount "31"]
[EventDate "2015.10.03"]
[EventType "swiss"]
[EventRounds "8"]
[EventCountry "ESP"]
[SourceTitle "EXT 2017"]
[Source "ChessBase"]
[SourceDate "2016.10.25"]
[SourceVersion "1"]
[SourceVersionDate "2016.10.25"]
[SourceQuality "1"]

1. d4 d5 2. e3 Nf6 3. Bd3 e6 4. Nf3 Nc6 5. c3 Bd6 6. Nbd2 0-0 7. Ng5 Re8 8. f4 Kf8 9. Ndf3 b6 10. Ne5 h6 11. Ngxf7 Qe7 12. Ng6+ Kxf7 13. Nxe7 Bxe7 14. 0-0 e5 15. fxe5 Bg4 16. Qxg4 1-0

[Event "Roncana op-C 8th"]
[Site "Santa Eulalia de Roncana"]
[Date "2014.11.15"]
[Round "5"]
[White "Alfonso Martin, Ariadna"]
[Black "Punsola Mena, Pol"]
[Result "0-1"]
[WhiteElo "1700"]
[BlackElo "1753"]
[PlyCount "56"]
[EventDate "2014.10.11"]
[EventType "swiss"]
[EventRounds "8"]
[EventCountry "ESP"]
[SourceTitle "EXT 2016"]
[Source "ChessBase"]
[SourceDate "2015.10.08"]
[SourceVersion "1"]
[SourceVersionDate "2015.10.08"]
[SourceQuality "1"]

1. e4 e5 2. f4 exf4 3. Nf3 Nf6 4. Nc3 Nc6 5. Bb5 Bc5 6. d3 a6 7. Bxf4 axb5 8. Qd2 b4 9. Na4 Rxa4 10. e5 Ng4 11. 0-0-0 Nf2 12. Rde1 Nxh1 13. Rxh1 Rxa2 14. Kd1 Ra1+ 15. Ke2 Rxh1 16. Bg5 Be7 17. Be3 d5 18. c3 bxc3 19. Qxc3 Bg4 20. h3 Bxf3+ 21. gxf3 d4 22. Bxd4 Nxd4+ 23. Ke3 Rxh3 24. b4 Rxf3+ 25. Ke4 f5+ 26. exf6 Bxf6 27. b5 Qd6 28. b6 Qe5# 0-1